000 00750nam a2200229 4500
001 6132
010 _a978-88-88146-10-2
090 _a6132
100 _a20260701d u||y0frey50 ba
101 _aita
200 _a"Venuti qui per cercare lavoro"
_eGli emigrati italiani nella Svizzera del secondo dopoguerra
_fPaolo Barcella
210 _aBellinzona
_cFondazione Piero e Marco Pellegrini - Guglielmo Canevascini
_d[2012]
_eBergame
_gSestante inc
215 _a344 p.
_d24 cm.
606 _9816
_aTravail
606 _91605
_aDroits des immigrés
606 _91063
_aMigration
606 _9158
_aStatut de saisonnier
606 _91158
_aRacisme
607 _9414
_aSuisse
607 _9605
_aItalie
700 _94607
_aBarcella
_bPaolo
801 _aCH
_bCH-001784-0